Le style roman (Record no. 6640)
[ view plain ]
| 000 -CABECERA | |
|---|---|
| campo de control de longitud fija | 00586nam a2200217 a 4500 |
| 001 - NÚMERO DE CONTROL | |
| campo de control | BRCA_6958 |
| 005 - FECHA Y HORA DE LA ÚLTIMA TRANSACCIÓN | |
| campo de control | 20190320205647.0 |
| 008 - DATOS DE LONGITUD FIJA--INFORMACIÓN GENERAL | |
| campo de control de longitud fija | 181111s1941----fr-a######---#000-0#fre-# |
| 041 ## - CÓDIGO DE LENGUA | |
| Código de lengua del texto/banda sonora o título independiente | fre |
| 044 ## - CÓDIGO DEL PAÍS DE LA ENTIDAD EDITORA/PRODUCTORA | |
| Código MARC del país | fr |
| 050 #4 - SIGNATURA TOPOGRÁFICA DE LA BIBLIOTECA DEL CONGRESO | |
| Número de clasificación | NK1285 |
| Número de documento/Ítem | .B74 |
| -- | 1941 |
| 100 1# - ENTRADA PRINCIPAL--NOMBRE DE PERSONA | |
| Nombre de persona | Bréhier, Louis |
| 9 (RLIN) | 17343 |
| 245 10 - MENCIÓN DE TÍTULO | |
| Título | Le style roman |
| Mención de responsabilidad, etc. | par Louis Bréhier |
| 260 ## - PUBLICACIÓN, DISTRIBUCIÓN, ETC. | |
| Lugar de publicación, distribución, etc. | París |
| Nombre del editor, distribuidor, etc. | Larousse |
| Fecha de publicación, distribución, etc. | c1941 |
| 300 ## - DESCRIPCIÓN FÍSICA | |
| Extensión | 125 p. |
| Otras características físicas | il., 48 láminas |
| Dimensiones | 17 cm. |
| 440 #0 - MENCIÓN DE SERIE/PUNTO DE ACCESO ADICIONAL--TÍTULO | |
| Título | Arts, styles et techniques |
| 9 (RLIN) | 17344 |
| 500 ## - NOTA GENERAL | |
| Nota general | O196 |
| 650 14 - PUNTO DE ACCESO ADICIONAL DE MATERIA--TÉRMINO DE MATERIA | |
| Término de materia o nombre geográfico como elemento de entrada | Decoración y ornamentación románica |
| 9 (RLIN) | 17345 |
| 902 ## - CATALOGADOR | |
| Iniciales | GFM |
| 942 ## - ELEMENTOS DE PUNTO DE ACCESO ADICIONAL (KOHA) | |
| Fuente del sistema de clasificación o colocación | Library of Congress Classification |
| Tipo de ítem Koha | Libros |
| Estado de retiro | Estado de pérdida | Estado dañado | No para préstamo | Localización permanente | Ubicación/localización actual | Fecha de adquisición | Número de inventario | Total de préstamos | Signatura topográfica completa | Código de barras | Fecha visto por última vez | Precio válido a partir de | Tipo de ítem Koha |
|---|---|---|---|---|---|---|---|---|---|---|---|---|---|
| El ejemplar forma parte de la colección y puede ser consultado según las políticas vigentes. | Biblioteca del Museo Franz Mayer (Rogerio Casas-Alatriste) | Biblioteca del Museo Franz Mayer (Rogerio Casas-Alatriste) | 18/11/2011 | O196 | NK1285 .B74 1941 (O196) | 7405 | 22/03/2019 | 22/03/2019 | Libros |